000 00743nam a2200205Ii 4500
003 JO-AjNU
008 230605s9999||||xx |||||||||||||| ||und||
040 _aJO-AjNU
_bara
_erda
_cJO-AjNU
041 _aara
050 1 4 _aBP183.3.R5322
100 3 _aالرفاعي، أحمد محمد القهوجي,
_eauthor
_914639
245 0 0 _aالأدعية و الأذكار المأثورة عن النبي المختار صلى الله عليه وسلم
250 _aط3 منقحة ومزيدة
264 3 1 _aد.م: دار الندوة الجديدة، د.ت
300 _a160ص
336 _atext
_btxt
_2rdacontent
337 _aunmediated
_bn
_2rdamedia
338 _avolume
_bnc
_2rdacarrier
650 4 _aالادعية والاوراد
_914640
999 _aA3951
_c7519
_d7519